000 00504nam a2200181Ia 4500
001 8358
005 20260306160603.0
008 260306t2012||||xx |||||||||||||| ||spa||
041 _aESP
082 _a370.7
_bG23
100 _aGarcía Córdoba, Fernando
_eAUT
245 0 _aLa perspectiva de la investigación tecnológica en educación:
_buna propuesta para promover la calidad
260 _c2012
300 _a145 páginas :
_c23 cm.
650 _aGEN
654 _aCED
942 _cLIB
_dJUS
_fJUS
_2ddc
_n
999 _c8358
_d8358